000 01504nam a2200277 i 4500
001 155525
003 ES-MaACL
005 20250830224112.0
008 040721m18891892xxuac |||| | eng d
080 _a32(73)
100 1 _aVon Holst, H.
_9161803
245 1 4 _aThe constitutional and political history of the United States /
_cby H. von Holst ; translated from the German by John J. Lalor and Alfred B. Mason.
260 _aChicago :
_bCallaghan and Company,
_c1889-1892.
300 _a8 v. :
_b1 h. de lám. ;
_c22 cm.
504 _aReferencias bibliográficas.
505 8 _aContiene : I. State sovereignty and slavery, 1750-1833 - II. Jackson's administration. Annexation of Texas, 1828-1846 - III. Annexation of Texas. Compromise of 1850, 1846-1850 - IV. Compromise of 1850. Kansas, Nebraska Bill, 1850-1854 - V. Kansas, Nebraska Bill-Buchanan's election, 1854-1856 - VI. Buchanan's election. End of 35th Congress, 1856-1859 - VII. Harper's Ferry. Lincoln's inauguration, 1859-1861 - VIII. Index and list of authorites
599 _aLám.: retr. de George Washington.
651 7 _aEstados Unidos-
_xHistoria constitucional
_2
_9137137
651 4 _aEstados Unidos-
_xPolítica y gobierno-
_yS.XIX.
_9172072
651 4 _aEstados Unidos-
_xHistoria-
_y1783-1815.
_9160303
651 4 _aEstados Unidos-
_xHistoria-
_y1815-1861.
_9146326
700 1 _aLalor, John J.
_9128612
700 1 _aMason, Alfred B.
_9129697
852 _aES-MaACL
_jC-1485-92
_z- Enc. tela
999 _c155525
_d155525